000 00684nam a2200229 i 4500
001 bg
100 1 _aMŁODZIANOWSKA, Danuta
245 1 0 _aNasionoznawstwo ; Podręcznik dla techników hodowli roślin i nasiennictwa /
_cDanuta Młodzianowska.
250 _aWyd.5.
260 _aWarszawa :
_bPaństwowe Wydawnictwa Rolnicze i Leśne,
_c1984.
300 _a159, [1] s. :
_bil. ;
_c24 cm.
650 9 _aNasiennictwo
650 9 _aRośliny
_xuprawa
655 _aPodręczniki dla szkół zawodowych
020 _a8309002726
040 _cBPK
041 0 _apol
080 _a631.5(075.3)
920 _a83-09-00272-6
942 _cKS
008 s pl f |000 0 pol
999 _c44295
_d44295
856 _uhttp://koha.tu.koszalin.pl/cgi-bin/koha/opac-detail.pl?biblionumber=44295
_yKatalog online BPK